Normal view MARC view

Entry Personal Name

Number of records used in: 1

001 - CONTROL NUMBER

  • control field: 1237846

003 - CONTROL NUMBER IDENTIFIER

  • control field: OSt

005 - DATE AND TIME OF LATEST TRANSACTION

  • control field: 20260430150545.0

008 - FIXED-LENGTH DATA ELEMENTS

  • fixed length control field: 260430|| aca||aabn | a|a d

040 ## - CATALOGING SOURCE

  • Original cataloging agency: OSt
  • Transcribing agency: OSt

100 ## - HEADING--PERSONAL NAME

  • Personal name: Kritika Au.; Singh Laishram Rajendrakumar Gu

670 ## - SOURCE DATA FOUND

  • Source citation: Work cat.: (OSt)1850071: Kritika Au.; Singh Laishram Rajendrakumar Gu., Investigating the Role of Brain Metabolites, Methylamines as Potential Ligands for Carbonic Anhydrase and Acetylcholinesterase: A Study Based on Dementia, 2024
Copyright @ Delhi University Library System